000
00240 a2200097 4500
001
35527
100
_a
Batchelor G K
245
_a
Theory of Homogeneousturbulence
260
_a
London
_b
Cambridge University Press
_c
090
_c
23426
_d
23426
942
_a
NUST-CAE
_c
M
_c
14921
999
_c
270600
_d
270600